banner-ar

قاموس التغذية وتكنولوجيا الاغذية : (Record no. 59605)

MARC details
000 -الفاتح
حقل البيانات ثابتة الطول 01054nam a2200241Ia 4500
005 - وقت وتاريخ اخر تعامل مع التسجيلة
رقم الضبط 20240530110304.0
008 - عناصر البيانات ثابتة الطول - معلومات عامة
حقل البيانات ثابتة الطول 140319s9999 xx 000 0 ara d
040 ## - مصدر الفهرسة
وكالة الفهرسة الأصلية GCL /
وكالة النسخ GCL
082 04 - رقم تصنيف ديوى العشرى
رقم التصنيف 664.03/
رقم المادة ب ق
100 1# - المدخل الرئيسى - إسم شخصى
الإسم الشخصى بندر، ارنولد
245 10 - بيان العنوان
العنوان قاموس التغذية وتكنولوجيا الاغذية :
بقية العنوان شرح كلمات ومصطلحات /
بيان المسئوليه,etc ارنولد إ. بندر ؛ تعريب مصطفى كمال مصطفى، نبيل السيد حافظ، خليل ابراهيم خليل ؛ مراجعة احمد محمود عليان
260 ## - PUBLICATION, DISTRIBUTION, ETC. (IMPRINT)
تاريخ النشر أو التوزيع 1993
300 ## - الوصف المادى
التعداد 790 ص
490 ## - بيان السلسلة
عنوان السلسلة شكاوى المصرى الفصيح
رقم المجلد/ التعيين التسلسلي 0
650 04 - المدخل الاضافى بالموضوع-مصطلح موضوعى
مصطلح موضوعي تكنولوجيا التغذية
650 04 - المدخل الاضافى بالموضوع-مصطلح موضوعى
مصطلح موضوعي القواميس
700 0# - المدخل الاضافى - اسم شخصى
الإسم الشخصى مصطفى كمال مصطفى
الدور مترجم
700 0# - المدخل الاضافى - اسم شخصى
الإسم الشخصى نبيل السيد حافظ
الدور مترجم
700 0# - المدخل الاضافى - اسم شخصى
الإسم الشخصى خليل ابراهيم خليل
الدور مترجم
700 0# - المدخل الاضافى - اسم شخصى
الإسم الشخصى احمد محمود عليان
الدور مراجع
942 ## - عناصر المدخل الإضافي( كوها)
مصدر التصنيف او مخطط الترفيف Dewey Decimal Classification
Koha [default] item type المراجع
260 ## - PUBLICATION, DISTRIBUTION, ETC. (IMPRINT)
-- [S.N] :
-- المكتبة الاكاديمية ،
Holdings
حالة التراجع حالة الفقد حالة تلف ليس للاعارة المكان المؤقت الموقع الحالى تاريخ الاكتساب اجمالي اﻻعارات رقم الطلب الباركود تاريخ اخر مشاهدة تاريخ تفعيل السعر نوع وعاء كوها
        مكتبة القاهرة الكبرى مكتبة القاهرة الكبرى 03/26/2014   664.03\ب ق 157222 03/26/2014 03/26/2014 المراجع
        مكتبة القاهرة الكبرى مكتبة القاهرة الكبرى 03/26/2014   664.03\ب ق 157223 03/26/2014 03/26/2014 المراجع
        مكتبة القاهرة الكبرى مكتبة القاهرة الكبرى 03/26/2014   664.03\ب ق 157224 03/26/2014 03/26/2014 المراجع
        مكتبة القاهرة الكبرى مكتبة القاهرة الكبرى 03/26/2014   664.03\ب ق 157225 03/26/2014 03/26/2014 المراجع
        مكتبة القاهرة الكبرى مكتبة القاهرة الكبرى 03/26/2014   664.03\ب ق 157226 03/26/2014 03/26/2014 المراجع
        مكتبة القاهرة الكبرى مكتبة القاهرة الكبرى 03/26/2014   664.03\ب ق 157227 03/26/2014 03/26/2014 المراجع
        مكتبة القاهرة الكبرى مكتبة القاهرة الكبرى 03/26/2014   664.03\ب ق 157228 03/26/2014 03/26/2014 المراجع
        مكتبة القاهرة الكبرى مكتبة القاهرة الكبرى 03/26/2014   664.03\ب ق 157229 03/26/2014 03/26/2014 المراجع

Powered By

EGPV